00551nam a2200181 a 4500008004100000020002200041245006500063260004500128300003300173440002500206650003700231650003300268650002100301700002000322003000100342005001700343040000900360  a185996284X (pbk.)10aSport and exercise biomechanics /cPaul Grimshaw... [et al.] aNew York :bTaylor&Francis Group,c2007. avi, 392 p. :bill. ;c25 cm. aBios instant notes.  aExercise -physiological aspects. aSports -physiogical aspects. 1aHuman mechanics. aGrimshaw, Paul.20230123124955.0 cNUST